Przystanki linii 121 w Toruniu - Statystyki

Ogólne statystyki
  • Ten quiz został rozwiązany 14 razy
  • Średni wynik to 10 z 16
Statystyki odpowiedzi
Odpowiedź % Poprawnych
Lubicz Dolny
91%
Lubicz Górny
91%
Obrowo
82%
Brzozówka
73%
Olimpijska
73%
Dobrzejewice
64%
DZIEWULSKIEGO
64%
Kawęczyn
64%
Ligi Polskiej
64%
Wyszyńskiego
64%
Głogowo
55%
Kosynierów Kość.
55%
Kusocińskiego
55%
Słupska
55%
Dobrzejewice-Staw
45%
Zawały
45%
Nie znaleziono quizów pasujących do podanych kryteriów
Rozkład punktacji
Procent ludzi z każdym wynikiem
Percentyl według liczby udzielonych odpowiedzi
Twoja historia wyników
Nie rozwiązałeś tego quizu